Statistics for Countries with the Most Olympic Medals at Basketball

Click here to take the quiz!

General Stats

  • This quiz has been taken 32,060 times
    (27,796 since last reset)
  • The average score is 6 of 9

Answer Stats

GSBMedalsCountry% Correct
252330United States
100%
0415Spain
87%
0415France
86%
0033Russia
80%
0145Brazil
72%
0336Australia
69%
44413Soviet Union / Unified Team
58%
1528Yugoslavia
46%
0033Lithuania
40%

Score Distribution

Percentile by Number Answered

Percent of People with Each Score

Your Score History

You have not taken this quiz since the last reset